Climate change, cryosphere and impacts in the Indian Himalayan region (Record no. 55671)

MARC details
000 -LEADER
fixed length control field 00750nam a2200313Ia 4500
100 ## - MAIN ENTRY--AUTHOR NAME
Personal name Dimri A.P
245 #0 - TITLE STATEMENT
Title Climate change, cryosphere and impacts in the Indian Himalayan region
260 ## - PUBLICATION, DISTRIBUTION, ETC. (IMPRINT)
Name of publisher Current Science
Year of publication 2021
300 ## - PHYSICAL DESCRIPTION
Number of Pages 774-790
650 ## - SUBJECT ADDED ENTRY--TOPICAL TERM
Topical Term Climate change
650 ## - SUBJECT ADDED ENTRY--TOPICAL TERM
Topical Term Cryosphere
650 ## - SUBJECT ADDED ENTRY--TOPICAL TERM
Topical Term Glacier
650 ## - SUBJECT ADDED ENTRY--TOPICAL TERM
Topical Term Permafrost
650 ## - SUBJECT ADDED ENTRY--TOPICAL TERM
Topical Term Run-off
700 ## - ADDED ENTRY--PERSONAL NAME
Personal name Allen S
700 ## - ADDED ENTRY--PERSONAL NAME
Personal name Ballesteros-Canovas J.A
700 ## - ADDED ENTRY--PERSONAL NAME
Personal name Bolch T
700 ## - ADDED ENTRY--PERSONAL NAME
Personal name Huggel C
700 ## - ADDED ENTRY--PERSONAL NAME
Personal name Maharana P
700 ## - ADDED ENTRY--PERSONAL NAME
Personal name Mal S
700 ## - ADDED ENTRY--PERSONAL NAME
Personal name Pandy A
700 ## - ADDED ENTRY--PERSONAL NAME
Personal name Rohrer M
700 ## - ADDED ENTRY--PERSONAL NAME
Personal name Shukla A
700 ## - ADDED ENTRY--PERSONAL NAME
Personal name Stoffel M
700 ## - ADDED ENTRY--PERSONAL NAME
Personal name Thayyen| R.J
700 ## - ADDED ENTRY--PERSONAL NAME
Personal name Tiwari P
942 ## - ADDED ENTRY ELEMENTS (KOHA)
Koha item type Journals
Holdings
Withdrawn status Lost status Damaged status Not for loan Home library Current library Shelving location Date acquired Serial Enumeration / chronology Koha item type
      Journals RRII Library RRII Library Climate change 17/12/2021 Volume 120, Issue 5 Journals